[Event "Plzen, FSB A"]
[Site "?"]
[Date "2001.??.??"]
[Round "2.19"]
[White "Virostko, P."]
[Black "Kamenik, M."]
[Result "1-0"]
[WhiteElo "2294"]
[BlackElo "2022"]
[PlyCount "103"]
[EventDate "2000.??.??"]
[Source "ChessBase"]
[SourceDate "1996.11.15"]

1. e4 c5 2. Nf3 Nc6 3. d4 cxd4 4. Nxd4 e5 5. Nb5 a6 6. Nd6+ Bxd6 7. Qxd6 Qf6 8.
Qxf6 Nxf6 9. Nc3 Nb4 10. Bd3 d5 11. exd5 Nfxd5 12. Nxd5 Nxd5 13. c3 Be6 14. O-O
O-O 15. Re1 Rfd8 16. Bf1 b5 17. Rxe5 h6 18. Re1 Rac8 19. a4 Bd7 20. axb5 Bxb5
21. f3 Rc6 22. Rd1 Bxf1 23. Kxf1 Rcd6 24. Rd4 g5 25. g3 f5 26. Kf2 Kg7 27. Raa4
R8d7 28. b3 Kg6 29. c4 Nf6 30. Rxd6 Rxd6 31. Be3 g4 32. Bf4 Rc6 33. Be5 h5 34.
Bd4 gxf3 35. Bxf6 Kxf6 36. Kxf3 Rd6 37. Ra5 Rd3+ 38. Kf4 Rd4+ 39. Ke3 Rd6 40.
h4 Ke6 41. Rd5 Rb6 42. Rd3 Ke5 43. c5 Rc6 44. b4 Rc8 45. Rc3 Rg8 46. Kf3 Kd4
47. Rc1 Ke5 48. c6 Kd6 49. c7 Rc8 50. Kf4 Kd7 51. Kxf5 Ke7 52. Kg5 1-0

[Event "Plzen, FSB A"]
[Site "?"]
[Date "2001.??.??"]
[Round "2.20"]
[White "Folk, P."]
[Black "Vrchotka, J."]
[Result "1/2-1/2"]
[WhiteElo "2289"]
[BlackElo "1971"]
[PlyCount "66"]
[EventDate "2000.??.??"]
[Source "ChessBase"]
[SourceDate "1996.11.15"]

1. e4 e5 2. Nf3 Nf6 3. Nxe5 d6 4. Nf3 Nxe4 5. d4 d5 6. Bd3 Be7 7. O-O O-O 8. c4
Nf6 9. h3 dxc4 10. Bxc4 Nbd7 11. Re1 Nb6 12. Bd3 Nbd5 13. Nc3 b6 14. Bg5 Bb7
15. Qe2 Re8 16. Ne5 h6 17. Bd2 a6 18. Qf3 Rb8 19. Qg3 Nh5 20. Qg4 Nhf6 21. Qh4
Nd7 22. Qh5 Nxe5 23. Rxe5 Nf6 24. Qe2 Nd7 25. Re3 Bg5 26. Rxe8+ Qxe8 27. Bxg5
Qxe2 28. Nxe2 hxg5 29. Rc1 c6 30. Ng3 Nf6 31. Nf5 Rd8 32. Bc4 Kf8 33. Bb3 Rd7
1/2-1/2

[Event "Plzen, FSB A"]
[Site "?"]
[Date "2001.??.??"]
[Round "2.21"]
[White "Jedlicka, A."]
[Black "Hroch, J."]
[Result "0-1"]
[WhiteElo "2253"]
[BlackElo "1969"]
[PlyCount "86"]
[EventDate "2000.??.??"]
[Source "ChessBase"]
[SourceDate "1996.11.15"]

1. d4 d5 2. c4 e6 3. Nf3 Nf6 4. g3 c5 5. cxd5 Nxd5 6. Bg2 Nc6 7. O-O Be7 8.
dxc5 Bxc5 9. Qc2 Qb6 10. e4 Ndb4 11. Qe2 Nd4 12. Nxd4 Bxd4 13. Nd2 Bd7 14. a3
Bb5 15. Nc4 Bxc4 16. Qxc4 Nc6 17. Rb1 O-O 18. Qe2 Qb3 19. Bd2 Rfd8 20. Rfc1 Ne5
21. Bc3 Qb6 22. Kh1 Bxc3 23. bxc3 Qc5 24. f4 Nc4 25. Rd1 Ne3 26. Rd3 Rxd3 27.
Qxd3 Ng4 28. Qd4 Qxa3 29. h3 Qa2 30. Rf1 Nf6 31. e5 Nd5 32. f5 Rc8 33. fxe6
fxe6 34. h4 Rxc3 35. Bh3 Rc6 36. Qe4 Ne7 37. Qf3 Qd5 38. Qxd5 Nxd5 39. h5 b5
40. Rb1 b4 41. Ra1 b3 42. Rxa7 b2 43. Rb7 Nb6 0-1

[Event "Plzen, FSB A"]
[Site "?"]
[Date "2001.??.??"]
[Round "2.22"]
[White "Tuma, J."]
[Black "Novak, P."]
[Result "1/2-1/2"]
[WhiteElo "1862"]
[BlackElo "2237"]
[PlyCount "97"]
[EventDate "2000.??.??"]
[Source "ChessBase"]
[SourceDate "1996.11.15"]

1. e4 c5 2. Nf3 Nc6 3. d4 cxd4 4. Nxd4 e6 5. Nc3 Qc7 6. g3 a6 7. Bg2 Nf6 8. O-O
Bc5 9. Nb3 Ba7 10. Qe2 Ne5 11. Bf4 d6 12. a4 Bd7 13. Kh1 Rc8 14. Bg5 Nc4 15.
Nd1 h6 16. Bxf6 gxf6 17. c3 Ke7 18. Nd2 b5 19. Nxc4 Qxc4 20. Qf3 bxa4 21. Ne3
Qb5 22. Ng4 Qg5 23. h4 Qg6 24. Rfd1 Bc6 25. Ne3 Bc5 26. Re1 Kf8 27. Rad1 Kg7
28. Nc4 d5 29. Na5 dxe4 30. Qe2 Bd5 31. c4 Ba8 32. Bxe4 Bxe4+ 33. Qxe4 Bb4 34.
Nb7 Bxe1 35. Qxe1 Rxc4 36. Rd7 Rhc8 37. Qxe6 Qe4+ 38. Qxe4 Rxe4 39. Nd6 Re1+
40. Kg2 Rf8 41. Nf5+ Kg6 42. Ne7+ Kh7 43. h5 Re2 44. Ng6 Rb8 45. Rxf7+ Kg8 46.
Rxf6 Rbxb2 47. Rxa6 Rxf2+ 48. Kh3 Rb4 49. Nf4 1/2-1/2

[Event "Plzen, FSB A"]
[Site "?"]
[Date "2001.??.??"]
[Round "2.23"]
[White "Dvorak, M."]
[Black "Porat, S."]
[Result "0-1"]
[WhiteElo "1757"]
[BlackElo "2230"]
[PlyCount "62"]
[EventDate "2000.??.??"]
[Source "ChessBase"]
[SourceDate "1996.11.15"]

1. e4 c5 2. Nf3 d6 3. d4 cxd4 4. Nxd4 Nf6 5. Nc3 g6 6. Be2 Bg7 7. Be3 O-O 8.
O-O Nc6 9. f3 d5 10. Nxc6 bxc6 11. exd5 Nxd5 12. Nxd5 cxd5 13. Rb1 d4 14. Bf2
e5 15. Bd3 Be6 16. b3 Qc7 17. Re1 Bd5 18. Bg3 Rfe8 19. a4 Qb7 20. Qe2 h6 21.
Qd2 f5 22. Qa5 Qf7 23. Re2 e4 24. fxe4 fxe4 25. Bb5 Rf8 26. Rxe4 Qf5 27. Ree1
Qxc2 28. Be2 Rad8 29. Rf1 Qxe2 30. Rxf8+ Bxf8 31. Bf2 Qe4 0-1

[Event "Plzen, FSB A"]
[Site "?"]
[Date "2001.??.??"]
[Round "2.25"]
[White "Porat, I."]
[Black "Jirka, J."]
[Result "0-1"]
[WhiteElo "2013"]
[BlackElo "2292"]
[PlyCount "84"]
[EventDate "2000.??.??"]
[Source "ChessBase"]
[SourceDate "1996.11.15"]

1. d4 d5 2. c4 c6 3. Nf3 Nf6 4. e3 a6 5. Bd3 b5 6. cxb5 cxb5 7. O-O Bg4 8. b4
e6 9. a4 Bxb4 10. axb5 a5 11. Bd2 Bd6 12. b6 Qxb6 13. Qa4+ Nbd7 14. Ne5 Qb8 15.
Bb5 O-O 16. Nxd7 Nxd7 17. Bxd7 Bxh2+ 18. Kh1 Bc7 19. Nc3 Qd8 20. f4 Rb8 21. Bb5
Qh4+ 22. Kg1 g5 23. Rac1 gxf4 24. exf4 Bb6 25. Ne2 Kh8 26. Rc5 Rg8 27. Rf2 Bh3
28. Qb3 Rg7 29. Nc1 Rg3 30. Qd1 Bxc5 31. dxc5 Rxb5 32. Bc3+ f6 33. Qd4 Rb1 34.
Qxf6+ Qxf6 35. Bxf6+ Kg8 36. Bb2 Rxg2+ 37. Rxg2+ Bxg2 38. Ba3 Bh3 39. c6 Rb6
40. c7 Rc6 41. Nb3 Rxc7 42. Nxa5 Rc2 0-1

[Event "Plzen, FSB A"]
[Site "?"]
[Date "2001.??.??"]
[Round "2.27"]
[White "Bartos, J."]
[Black "Sedlacek, J."]
[Result "1/2-1/2"]
[WhiteElo "2229"]
[BlackElo "2125"]
[PlyCount "67"]
[EventDate "2000.??.??"]
[Source "ChessBase"]
[SourceDate "1996.11.15"]

1. d4 d5 2. c4 e6 3. Nc3 Nf6 4. cxd5 exd5 5. Bg5 c6 6. e3 Bf5 7. Qf3 Bg6 8.
Bxf6 gxf6 9. Qd1 Qb6 10. Qd2 Nd7 11. Nge2 Bd6 12. Rc1 O-O 13. h4 Rfe8 14. h5
Bf5 15. g4 Be6 16. f4 Bxg4 17. Kf2 f5 18. Ng3 Nf6 19. Rg1 Kh8 20. Bd3 c5 21.
Na4 Qd8 22. Nxc5 Bxc5 23. Rxc5 Bh3 24. Be2 Rg8 25. Bf3 Bg4 26. Qe2 Ne4+ 27.
Nxe4 dxe4 28. Bxg4 Qh4+ 29. Kf1 Rxg4 30. Rxg4 fxg4 31. Qg2 Re8 32. Re5 Rc8 33.
Rc5 Re8 34. Re5 1/2-1/2

[Event "Plzen, FSB A"]
[Site "?"]
[Date "2001.??.??"]
[Round "2.28"]
[White "Zeman, A."]
[Black "Kozak, M."]
[Result "1/2-1/2"]
[WhiteElo "1948"]
[BlackElo "2226"]
[PlyCount "81"]
[EventDate "2000.??.??"]
[Source "ChessBase"]
[SourceDate "1996.11.15"]

1. d4 d5 2. Bf4 Nf6 3. Nf3 c5 4. e3 Qb6 5. Qc1 Nc6 6. c3 Bf5 7. dxc5 Qxc5 8.
Nbd2 Rc8 9. a3 g6 10. Be5 Nxe5 11. Nxe5 Nd7 12. Nxd7 Bxd7 13. Bd3 Bg7 14. O-O
O-O 15. Qc2 b5 16. Nb3 Qb6 17. Qe2 e5 18. Rad1 a5 19. Qd2 Be6 20. Na1 h5 21.
Nc2 Rfd8 22. Qe2 Bg4 23. f3 Bd7 24. Kh1 Bc6 25. e4 dxe4 26. Bxe4 f5 27. Bxc6
Qxc6 28. Rxd8+ Rxd8 29. Rd1 Rd6 30. g3 Kh7 31. Kg2 Rxd1 32. Qxd1 e4 33. Qe2 Qd5
34. fxe4 fxe4 35. Ne3 Qb3 36. g4 hxg4 37. Nxg4 b4 38. axb4 axb4 39. cxb4 Qxb4
40. Nf2 Qxb2 41. Qxb2 1/2-1/2

[Event "Plzen, FSB A"]
[Site "?"]
[Date "2001.??.??"]
[Round "2.29"]
[White "Balin, J."]
[Black "Seeger, W."]
[Result "0-1"]
[WhiteElo "2212"]
[BlackElo "2150"]
[PlyCount "60"]
[EventDate "2000.??.??"]
[Source "ChessBase"]
[SourceDate "1996.11.15"]

1. d4 d5 2. Nf3 c5 3. c4 e6 4. cxd5 exd5 5. g3 Nc6 6. Bg2 Nf6 7. O-O Be7 8. Nc3
O-O 9. Bg5 c4 10. Ne5 Be6 11. Nxc6 bxc6 12. Qd2 h6 13. Bxf6 Bxf6 14. Rfd1 Rb8
15. Na4 Be7 16. Rab1 Bf5 17. Rbc1 Re8 18. h4 Bb4 19. Qf4 Qd7 20. e4 Bg6 21. a3
Bd6 22. e5 Bf8 23. Rc3 Qc7 24. Bh3 Qa5 25. Nc5 Bxc5 26. dxc5 Rxb2 27. Re3 Qxc5
28. Bd7 Rf8 29. g4 Rb3 30. h5 Bc2 0-1

[Event "Plzen, FSB A"]
[Site "?"]
[Date "2001.??.??"]
[Round "2.30"]
[White "Tuzil, V."]
[Black "Falout, L."]
[Result "1-0"]
[WhiteElo "1992"]
[BlackElo "2163"]
[PlyCount "179"]
[EventDate "2000.??.??"]
[Source "ChessBase"]
[SourceDate "1996.11.15"]

1. f4 d5 2. Nf3 c5 3. e3 g6 4. Bb5+ Bd7 5. Bxd7+ Nxd7 6. Nc3 Ngf6 7. b3 Bg7 8.
Bb2 O-O 9. O-O Ne4 10. Na4 b5 11. Bxg7 Kxg7 12. Nb2 Qc7 13. c3 e5 14. Nd3 f6
15. fxe5 fxe5 16. Nf2 Ndf6 17. Qe2 Nxf2 18. Rxf2 e4 19. Ng5 Qe5 20. Nh3 h5 21.
Qxb5 Ng4 22. Rf4 g5 23. Qd7+ Kh8 24. Rxf8+ Rxf8 25. g3 Nf6 26. Qxa7 Qf5 27.
Qxc5 Kg8 28. Kg2 Qf3+ 29. Kg1 Qg4 30. Nf2 Qe2 31. Qd4 h4 32. Rf1 hxg3 33. hxg3
Kh7 34. Qc5 Rf7 35. Nh3 Kg6 36. Qd6 Qxd2 37. Qe6 Qxe3+ 38. Kg2 Qe2+ 39. Rf2 Qh5
40. Qf5+ Kh6 41. a4 e3 42. Rf3 e2 43. Qe6 Kg7 44. Ng1 g4 45. Rf2 d4 46. cxd4
e1=Q 47. Qxe1 Qd5+ 48. Kf1 Qxb3 49. Qe5 Qxa4 50. Qg5+ Kf8 51. Rxf6 Qd1+ 52. Kg2
Qc2+ 53. Kh1 Qe4+ 54. Nf3 Qb1+ 55. Kh2 gxf3 56. Rxf7+ Kxf7 57. Qf4+ Ke7 58.
Qxf3 Qb2+ 59. Kh3 Qxd4 60. Qg4 Qg1 61. Qf5 Ke8 62. Qf4 Ke7 63. Kh4 Qh2+ 64. Kg5
Ke8 65. Kg6 Qh3 66. g4 Ke7 67. Qf7+ Kd6 68. g5 Qg4 69. Qf6+ Kc7 70. Qf5 Qh4 71.
Kg7 Kd6 72. Qf6+ Kd7 73. Qe5 Qh5 74. Qf6 Qh4 75. Qg6 Qh3 76. Kg8 Kc8 77. Qc6+
Kd8 78. Kg7 Ke7 79. Qf6+ Kd7 80. Qe5 Qh5 81. Qd4+ Ke7 82. g6 Ke8 83. Qf6 Kd7
84. Kg8 Qh6 85. Qf5+ Kd8 86. g7 Ke7 87. Qe5+ Kd8 88. Kf7 Qh7 89. Qf6+ Kc7 90.
Kf8 1-0

[Event "Plzen, FSB A"]
[Site "?"]
[Date "2001.??.??"]
[Round "3.1"]
[White "Vokac, M."]
[Black "Virostko, P."]
[Result "1/2-1/2"]
[WhiteElo "2507"]
[BlackElo "2294"]
[PlyCount "120"]
[EventDate "2000.??.??"]
[Source "ChessBase"]
[SourceDate "1996.11.15"]

1. Nf3 d5 2. c4 c6 3. b3 Bg4 4. e3 Nd7 5. Bb2 Ngf6 6. h3 Bh5 7. Be2 e6 8. d3
Bg6 9. Nc3 h6 10. O-O Bd6 11. cxd5 exd5 12. e4 O-O 13. exd5 Nxd5 14. Nxd5 cxd5
15. Qd2 Re8 16. Rfe1 Qb6 17. Bf1 Bb4 18. Bc3 Bxc3 19. Rxe8+ Rxe8 20. Qxc3 Nc5
21. Rc1 Ne6 22. Ne5 Bf5 23. Nf3 d4 24. Qd2 Rd8 25. g3 Bh7 26. Rc4 Qb5 27. Bg2
b6 28. Ne1 Nc5 29. Bf1 Qd7 30. Nc2 Ne6 31. Bg2 Rc8 32. Nb4 Rxc4 33. dxc4 Ng5
34. h4 Ne4 35. Qf4 Qe8 36. Kh2 g5 37. hxg5 hxg5 38. Qf3 Kg7 39. Nd5 Qe5 40. Qe2
Qf5 41. Kg1 Nc3 42. Qd2 Nxd5 43. Bxd5 Qe5 44. Kf1 Bg6 45. b4 d3 46. a4 Qa1+ 47.
Kg2 Qxa4 48. Qxg5 Qxb4 49. Qe5+ Kh7 50. Qd4 Qe7 51. Bf3 Qe6 52. g4 f6 53. Kf1
Kh6 54. Qf4+ Kg7 55. g5 fxg5 56. Qxg5 Qxc4 57. Qe5+ Kh7 58. Qh2+ Kg8 59. Qb8+
Kg7 60. Qe5+ Kh7 1/2-1/2

[Event "Plzen, FSB A"]
[Site "?"]
[Date "2001.??.??"]
[Round "3.2"]
[White "Tolstich, N."]
[Black "Porat, S."]
[Result "1-0"]
[WhiteElo "2436"]
[BlackElo "2230"]
[PlyCount "95"]
[EventDate "2000.??.??"]
[Source "ChessBase"]
[SourceDate "1996.11.15"]

1. Nf3 Nf6 2. c4 g6 3. Nc3 Bg7 4. d4 O-O 5. Bg5 d6 6. e3 Nbd7 7. Qc2 e5 8. Be2
c6 9. O-O h6 10. Bh4 g5 11. Bg3 Nh5 12. dxe5 Nxg3 13. hxg3 dxe5 14. Rfd1 Qe7
15. Rab1 a5 16. a3 f5 17. Na4 Nc5 18. Nb6 Rb8 19. b4 axb4 20. axb4 Nd7 21. Nxc8
Rbxc8 22. c5 e4 23. Nd4 Ne5 24. g4 fxg4 25. Qxe4 Qf7 26. Rf1 h5 27. Bd1 Qg6 28.
Bb3+ Kh8 29. Qxg6 Nxg6 30. Ne6 Rfe8 31. Nxg5 Re7 32. Bf7 Ne5 33. Bxh5 Nc4 34.
Bxg4 Ra8 35. Rfd1 Ne5 36. Bh3 Bh6 37. Ne6 Rg8 38. Nd4 Rh7 39. Kf1 Bg7 40. Ke2
Bf6 41. Rh1 Re8 42. Bf5 Rxh1 43. Rxh1+ Kg8 44. f4 Nf7 45. Nc2 Bg7 46. Rd1 Nh6
47. Bh3 Ra8 48. Rd7 1-0

[Event "Plzen, FSB A"]
[Site "?"]
[Date "2001.??.??"]
[Round "3.3"]
[White "Cvek, R."]
[Black "Kacmarik, L."]
[Result "1/2-1/2"]
[WhiteElo "2411"]
[BlackElo "2226"]
[PlyCount "102"]
[EventDate "2000.??.??"]
[Source "ChessBase"]
[SourceDate "1996.11.15"]

1. c4 Nf6 2. Nc3 c5 3. g3 d5 4. cxd5 Nxd5 5. Bg2 Nc7 6. d3 e5 7. Nf3 Nc6 8. O-O
Be7 9. a3 Rb8 10. Be3 b6 11. b4 cxb4 12. axb4 f6 13. b5 Na5 14. d4 Bb4 15. Na2
Be7 16. Qb1 e4 17. Nd2 f5 18. Nb4 Nxb5 19. Nc6 Nxc6 20. Qxb5 Bd7 21. Qd5 Nb4
22. Qb3 a5 23. g4 a4 24. Qb1 b5 25. gxf5 Bxf5 26. Bxe4 Bxe4 27. Qxe4 O-O 28.
Nf3 Kh8 29. Bf4 Rb6 30. Be5 Qd5 31. Bxg7+ Kxg7 32. Qxe7+ Rf7 33. Qe5+ Qxe5 34.
Nxe5 Ra7 35. Ra3 Nc2 36. Rg3+ Kf8 37. Rc1 Nxd4 38. Ng4 Kf7 39. Ne5+ Ke6 40. Re3
Kd5 41. Nd3 Kd6 42. Re4 Nb3 43. Rd1 Rg7+ 44. Kh1 Kc7 45. f4 Rd6 46. Re5 Kb6 47.
Rb1 Ra7 48. Nb4 Nd2 49. Rc1 a3 50. Rcc5 Ra5 51. Rc8 Kb7 1/2-1/2

[Event "Plzen, FSB A"]
[Site "?"]
[Date "2001.??.??"]
[Round "3.4"]
[White "Vesselovsky, S."]
[Black "Vales, V."]
[Result "1-0"]
[WhiteElo "2405"]
[BlackElo "2159"]
[PlyCount "73"]
[EventDate "2000.??.??"]
[Source "ChessBase"]
[SourceDate "1996.11.15"]

1. e4 c5 2. Nc3 Nc6 3. Bb5 Na5 4. Nf3 a6 5. Be2 d6 6. d4 Bg4 7. dxc5 dxc5 8.
Qxd8+ Rxd8 9. Bf4 Nc6 10. Ne5 Nxe5 11. Bxe5 Bxe2 12. Kxe2 Nf6 13. Rhd1 Rxd1 14.
Rxd1 Nd7 15. Bc7 h5 16. Na4 e5 17. Nb6 Nxb6 18. Bxb6 Rh6 19. Bc7 Rc6 20. Bxe5
Re6 21. Rd5 f6 22. Bc7 Rxe4+ 23. Kf3 Ra4 24. a3 g6 25. Bb6 Be7 26. c3 f5 27.
Bxc5 Ra5 28. b4 Rxa3 29. Re5 Rxc3+ 30. Ke2 Rxc5 31. bxc5 Kd7 32. Kd3 Bd8 33.
Rd5+ Ke7 34. Rd6 b6 35. Rxg6 bxc5 36. Rxa6 h4 37. Kc4 1-0

[Event "Plzen, FSB A"]
[Site "?"]
[Date "2001.??.??"]
[Round "3.5"]
[White "Lahner, J."]
[Black "Simacek, P."]
[Result "0-1"]
[WhiteElo "2142"]
[BlackElo "2404"]
[PlyCount "42"]
[EventDate "2000.??.??"]
[Source "ChessBase"]
[SourceDate "1996.11.15"]

1. d4 Nf6 2. c4 c5 3. d5 e6 4. Nc3 exd5 5. cxd5 d6 6. e4 g6 7. Nf3 Bg7 8. Bd3
O-O 9. h3 Na6 10. O-O Nc7 11. Bf4 b5 12. Nxb5 Nxb5 13. Bxb5 Nxe4 14. Qa4 Rb8
15. Bc6 Rb4 16. Qxa7 Qf6 17. Bc1 Bxh3 18. Nh2 Qh4 19. Be3 Bxg2 20. Kxg2 Be5 21.
Rh1 Rxb2 0-1

[Event "Plzen, FSB A"]
[Site "?"]
[Date "2001.??.??"]
[Round "3.6"]
[White "Lys, J."]
[Black "Chrz, P."]
[Result "1-0"]
[WhiteElo "2353"]
[BlackElo "2151"]
[PlyCount "109"]
[EventDate "2000.??.??"]
[Source "ChessBase"]
[SourceDate "1996.11.15"]

1. d4 Nf6 2. Bg5 e6 3. e3 c5 4. c3 cxd4 5. exd4 Be7 6. Nd2 Nc6 7. Ngf3 d5 8.
Bd3 h6 9. Bh4 Qb6 10. Qb3 Bd7 11. O-O O-O 12. Ne5 Rfd8 13. f4 Na5 14. Qxb6 axb6
15. f5 Nc6 16. a3 exf5 17. Bxf5 g5 18. Bg3 Nxe5 19. Bxe5 Ng4 20. Bc7 Ne3 21.
Bxd8 Rxd8 22. Bh7+ Kf8 23. Rf3 Nc4 24. Nxc4 dxc4 25. Be4 Bc6 26. Bxc6 bxc6 27.
Raf1 f6 28. Rxf6+ Bxf6 29. Rxf6+ Kg7 30. Rxc6 Re8 31. Kf2 Rf8+ 32. Kg3 b5 33.
a4 bxa4 34. Rxc4 Rb8 35. Rxa4 Rxb2 36. Ra6 Rc2 37. Rc6 h5 38. h3 Kf7 39. d5 Ke7
40. c4 Rc3+ 41. Kf2 Rc2+ 42. Kf3 Rc3+ 43. Ke4 Rg3 44. Rh6 Rxg2 45. Rxh5 g4 46.
hxg4 Rxg4+ 47. Kd3 Kd6 48. Rh6+ Kd7 49. Kc3 Kc7 50. Kb4 Kd7 51. Kc5 Kc7 52.
Rh7+ Kc8 53. d6 Kd8 54. Kd5 Kc8 55. c5 1-0

[Event "Plzen, FSB A"]
[Site "?"]
[Date "2001.??.??"]
[Round "3.7"]
[White "Bujnoch, R."]
[Black "Freisler, P."]
[Result "1-0"]
[WhiteElo "2120"]
[BlackElo "2350"]
[PlyCount "36"]
[EventDate "2000.??.??"]
[Source "ChessBase"]
[SourceDate "1996.11.15"]

1. e4 Nf6 2. e5 Nd5 3. d4 d6 4. Nf3 c6 5. Bc4 Bg4 6. O-O e6 7. h3 Bxf3 8. Qxf3
dxe5 9. dxe5 Qh4 10. Nd2 Nb6 11. Ne4 Nxc4 12. Bg5 Nd2 13. Qd3 Qxg5 14. Nxg5
Nxf1 15. Qf3 f5 16. exf6 Nd2 17. Qe2 gxf6 18. Qxe6+ Be7 1-0

[Event "Plzen, FSB A"]
[Site "?"]
[Date "2001.??.??"]
[Round "3.8"]
[White "Trickov, V."]
[Black "Hroch, J."]
[Result "1-0"]
[WhiteElo "2313"]
[BlackElo "1969"]
[PlyCount "78"]
[EventDate "2000.??.??"]
[Source "ChessBase"]
[SourceDate "1996.11.15"]

1. e4 c5 2. Nf3 Nc6 3. d4 cxd4 4. Nxd4 Nf6 5. Nc3 e5 6. Ndb5 d6 7. Bg5 a6 8.
Na3 Be6 9. Nc4 Rc8 10. Ne3 Nd4 11. Bd3 Be7 12. O-O O-O 13. a4 h6 14. Bxf6 Bxf6
15. Ncd5 Bg5 16. c3 Bxe3 17. Nxe3 Nb3 18. Ra3 Na5 19. Qe2 Qc7 20. Rd1 Rfd8 21.
h3 Nc4 22. Bxc4 Bxc4 23. Qd2 Be6 24. a5 Qc6 25. f3 b5 26. axb6 Qxb6 27. Rda1
Ra8 28. Kh2 Rd7 29. b4 Rda7 30. Ra5 Kf8 31. Qd3 Ke7 32. R1a4 g6 33. c4 f5 34.
exf5 gxf5 35. Nxf5+ Bxf5 36. Qxf5 Rf8 37. Qe4 Rf4 38. c5 Qc7 39. cxd6+ Qxd6 1-0

[Event "Plzen, FSB A"]
[Site "?"]
[Date "2001.??.??"]
[Round "3.9"]
[White "Hrbolka jr., L."]
[Black "Konopka, M."]
[Result "1-0"]
[WhiteElo "2197"]
[BlackElo "2479"]
[PlyCount "121"]
[EventDate "2000.??.??"]
[Source "ChessBase"]
[SourceDate "1996.11.15"]

1. e4 d6 2. d4 Nf6 3. Nc3 g6 4. Nf3 Bg7 5. Be2 O-O 6. O-O a6 7. a4 b6 8. e5 Ne8
9. Bf4 Bb7 10. Re1 Nc6 11. Bf1 Nb4 12. Ne4 dxe5 13. Bxe5 Bh6 14. c3 Nc6 15. Qb3
Nd6 16. Bxd6 cxd6 17. d5 Nb8 18. a5 Nd7 19. Nd4 Qc7 20. Nc6 Bxc6 21. dxc6 Qxc6
22. axb6 Nxb6 23. Rxa6 Rxa6 24. Bxa6 d5 25. Ng3 e6 26. h3 Bg7 27. Ne2 Rb8 28.
Bd3 Qa4 29. Qc2 Qa2 30. Nc1 Qa7 31. b3 Rc8 32. Ne2 e5 33. Bb5 e4 34. c4 f5 35.
Qd2 d4 36. Nxd4 Rd8 37. Nc6 Rxd2 38. Nxa7 Bd4 39. Rf1 f4 40. Nc6 Bc3 41. Re1 e3
42. fxe3 Rb2 43. Rd1 fxe3 44. c5 Rd2 45. Rc1 Nd5 46. Ne7+ Nxe7 47. Rxc3 Nd5 48.
Bc4 Rd1+ 49. Kh2 Kf8 50. c6 Nb6 51. Be2 Rd2 52. Rxe3 Rc2 53. Bf3 Nc8 54. b4 Na7
55. Re6 Nb5 56. Kg3 Nd4 57. Re1 Nxc6 58. b5 Nb8 59. b6 Rb2 60. b7 Kf7 61. Rc1
1-0

[Event "Plzen, FSB A"]
[Site "?"]
[Date "2001.??.??"]
[Round "3.10"]
[White "Bender, I."]
[Black "Chytilek, R."]
[Result "0-1"]
[WhiteElo "2183"]
[BlackElo "2411"]
[PlyCount "72"]
[EventDate "2000.??.??"]
[Source "ChessBase"]
[SourceDate "1996.11.15"]

1. d4 Nf6 2. c4 c5 3. d5 b5 4. Qc2 Na6 5. a3 bxc4 6. e4 e6 7. Bxc4 Bb7 8. Nc3
Nc7 9. Bg5 exd5 10. exd5 Be7 11. Bxf6 Bxf6 12. Nge2 O-O 13. O-O d6 14. b4 Na6
15. Rfb1 cxb4 16. axb4 Nb8 17. Ra5 Nd7 18. Ne4 Be5 19. Ba6 Bxa6 20. Rxa6 Nb6
21. Qd3 Re8 22. f4 Bf6 23. Nxf6+ Qxf6 24. Ra5 Re7 25. Nd4 Rae8 26. Nf5 Re4 27.
Ng3 Rd4 28. Qb5 Qe7 29. Rxa7 Qe3+ 30. Kh1 Rxd5 31. Nf1 Rxb5 32. Nxe3 Rxe3 33.
Rc1 h5 34. h3 Rxb4 35. Rc6 Rb1+ 36. Kh2 h4 0-1

[Event "Plzen, FSB A"]
[Site "?"]
[Date "2001.??.??"]
[Round "3.11"]
[White "Hallerova, E."]
[Black "Gross, S."]
[Result "0-1"]
[WhiteElo "2151"]
[BlackElo "2391"]
[PlyCount "74"]
[EventDate "2000.??.??"]
[Source "ChessBase"]
[SourceDate "1996.11.15"]

1. c4 Nf6 2. g3 e5 3. Bg2 d5 4. d3 dxc4 5. Qa4+ Nc6 6. Bxc6+ bxc6 7. Qxc4 Qd5
8. Nf3 e4 9. Qxd5 cxd5 10. dxe4 Nxe4 11. Nbd2 f5 12. Nxe4 fxe4 13. Nd4 c5 14.
Nb5 Kd7 15. Bf4 Bb7 16. O-O-O d4 17. Nxd4 cxd4 18. Rxd4+ Ke6 19. Rhd1 Be7 20.
Rd7 Rae8 21. Kb1 Rd8 22. Rxd8 Rxd8 23. Rxd8 Bxd8 24. Kc2 Bb6 25. e3 Kd5 26. a3
Bc6 27. b3 a5 28. h4 h5 29. Kc3 Bc5 30. b4 axb4+ 31. axb4 Be7 32. Kb3 Bb5 33.
Bc7 Bf6 34. Bf4 Ke6 35. g4 hxg4 36. h5 Kd5 37. Bg3 Be8 0-1

[Event "Plzen, FSB A"]
[Site "?"]
[Date "2001.??.??"]
[Round "3.12"]
[White "Dolezal, R."]
[Black "Vaculik, M."]
[Result "1-0"]
[WhiteElo "2390"]
[BlackElo "2144"]
[PlyCount "83"]
[EventDate "2000.??.??"]
[Source "ChessBase"]
[SourceDate "1996.11.15"]

1. e4 e6 2. d4 g6 3. Nf3 Bg7 4. c3 d6 5. Bf4 b6 6. Nbd2 Bb7 7. Qa4+ Bc6 8. Bb5
Bxb5 9. Qxb5+ Qd7 10. Qe2 Ne7 11. O-O O-O 12. Rfe1 Nbc6 13. Qe3 f5 14. Bh6 Rae8
15. Bxg7 Kxg7 16. Ng5 Nd8 17. f4 h6 18. Nh3 Qc6 19. Qd3 Nf7 20. Nf3 Ng8 21. Nf2
d5 22. e5 h5 23. b3 Qd7 24. c4 c6 25. a4 Ne7 26. c5 Rb8 27. Rec1 b5 28. axb5
Rxb5 29. Ra3 Rfb8 30. h3 Nh6 31. Rc3 Kf7 32. Ng5+ Ke8 33. g4 hxg4 34. hxg4 Kd8
35. Qh3 Neg8 36. gxf5 Nxf5 37. Qh8 Nxd4 38. Rd3 Ne2+ 39. Kf1 Nxf4 40. Rf3 Qe8
41. Rxf4 a5 42. Nf7+ 1-0

[Event "Plzen, FSB A"]
[Site "?"]
[Date "2001.??.??"]
[Round "3.13"]
[White "Vrchotka, J."]
[Black "Nun, J."]
[Result "0-1"]
[WhiteElo "1971"]
[BlackElo "2389"]
[PlyCount "81"]
[EventDate "2000.??.??"]
[Source "ChessBase"]
[SourceDate "1996.11.15"]

1. e4 c5 2. Nf3 Nc6 3. d4 cxd4 4. Nxd4 e5 5. Nb5 d6 6. N1c3 Nf6 7. Bg5 a6 8.
Na3 b5 9. Nd5 Be7 10. Nxe7 Nxe7 11. f3 Be6 12. c4 bxc4 13. Nxc4 Nc8 14. Qd2 O-O
15. Be2 h6 16. Be3 Bxc4 17. Bxc4 Nb6 18. Bb3 a5 19. Qf2 Nfd7 20. Rc1 a4 21. Bd1
d5 22. exd5 Nxd5 23. O-O Qb8 24. b3 a3 25. Be2 Nxe3 26. Qxe3 Nf6 27. Rc5 Re8
28. Rfc1 Qb4 29. R5c4 Qf8 30. R1c2 Nd5 31. Qe4 Rad8 32. Rc5 Nf6 33. Qf5 e4 34.
fxe4 Nxe4 35. Rc7 g6 36. Qf4 Rd6 37. h4 Rf6 38. Qg4 Qb4 39. Kh2 Qd6+ 40. g3 h5
41. Qd7 0-1

[Event "Plzen, FSB A"]
[Site "?"]
[Date "2001.??.??"]
[Round "3.14"]
[White "Krapivin, V."]
[Black "Jedlicka, J."]
[Result "1-0"]
[WhiteElo "2339"]
[BlackElo "2155"]
[PlyCount "43"]
[EventDate "2000.??.??"]
[Source "ChessBase"]
[SourceDate "1996.11.15"]

1. e4 e5 2. Nc3 Nf6 3. Nf3 Nc6 4. Bb5 Bb4 5. O-O O-O 6. d3 Nd4 7. Nxd4 exd4 8.
Ne2 c6 9. Ba4 d5 10. e5 Ng4 11. c3 dxc3 12. bxc3 Ba5 13. d4 Qh4 14. Bf4 Nh6 15.
Qd2 Be6 16. Bg5 Qh5 17. h4 Bd8 18. Ng3 Qg6 19. Bc2 Bxg5 20. hxg5 Nf5 21. Rfe1
h5 22. Qf4 1-0

[Event "Plzen, FSB A"]
[Site "?"]
[Date "2001.??.??"]
[Round "3.15"]
[White "Jirka, J."]
[Black "Tuzil, V."]
[Result "1/2-1/2"]
[WhiteElo "2292"]
[BlackElo "1992"]
[PlyCount "141"]
[EventDate "2000.??.??"]
[Source "ChessBase"]
[SourceDate "1996.11.15"]

1. d4 d5 2. Nf3 Nf6 3. g3 g6 4. c4 c6 5. Bg2 Bg7 6. O-O O-O 7. cxd5 cxd5 8. Ne5
Qb6 9. Nc3 Rd8 10. b3 Nc6 11. Na4 Qb5 12. Nxc6 Qxc6 13. Bf4 Ne8 14. Rc1 Qf6 15.
Be5 Qf5 16. Bxg7 Kxg7 17. Nc3 Nf6 18. Qd2 Qe6 19. Nb5 Qb6 20. Nc7 Rb8 21. Qf4
Qd6 22. Qe5 a6 23. Rfd1 Kg8 24. Nxd5 Nxd5 25. Bxd5 Qxd5 26. Qxb8 Bh3 27. Qxd8+
Qxd8 28. f3 Qa5 29. Rc2 Qf5 30. Rc7 Qa5 31. Rc2 Be6 32. Kg2 Qb6 33. Rcd2 Bd5
34. e4 Bc6 35. d5 Bd7 36. Rd4 Qa5 37. R1d2 Qc3 38. Kf2 g5 39. e5 Kf8 40. d6
exd6 41. exd6 Ke8 42. h4 h6 43. hxg5 hxg5 44. R2d3 Qc5 45. g4 Bb5 46. b4 Qc1
47. Rd1 Qc3 48. d7+ Kd8 49. Re4 Qc2+ 50. Ke1 Bxd7 51. Red4 Qa4 52. Rxd7+ Qxd7
53. Rxd7+ Kxd7 54. Kd2 Kd6 55. a3 Kd5 56. Kd3 b6 57. Kc3 a5 58. Kd3 a4 59. Kc3
b5 60. Kd3 Ke5 61. Ke3 f5 62. gxf5 Kxf5 63. Ke2 Ke6 64. Kd3 Kd5 65. Kc3 Ke5 66.
Kd3 Kf4 67. Ke2 Kg3 68. Ke3 Kg2 69. Ke2 Kh3 70. Kd3 Kh4 71. Kd4 1/2-1/2